El texto según Eugenio Coseriu
Gespeichert in:
| 1. Verfasser: | |
|---|---|
| Dokumenttyp: | Kapitel/Artikel |
| Sprache: | Spanisch |
| Veröffentlicht: |
2005
|
| In: |
Eugenio Coseriu in memoriam ; 2
Year: 2005, Pages: 101-122 |
| Online-Zugang: |
|
| Verfasserangaben: | Óscar Loureda Lamas |
MARC
| LEADER | 00000caa a22000002c 4500 | ||
|---|---|---|---|
| 001 | 1462017592 | ||
| 003 | DE-627 | ||
| 005 | 20220811014242.0 | ||
| 007 | tu | ||
| 008 | 130806s2005 xx ||||| 00| ||spa c | ||
| 035 | |a (DE-627)1462017592 | ||
| 035 | |a (DE-576)392017598 | ||
| 035 | |a (DE-599)BSZ392017598 | ||
| 035 | |a (OCoLC)1340491405 | ||
| 040 | |a DE-627 |b ger |c DE-627 |e rakwb | ||
| 041 | |a spa | ||
| 084 | |a 55 |2 sdnb | ||
| 100 | 1 | |a Loureda Lamas, Óscar |d 1974- |0 (DE-588)142673919 |0 (DE-627)638455022 |0 (DE-576)187864179 |4 aut | |
| 245 | 1 | 3 | |a El texto según Eugenio Coseriu |c Óscar Loureda Lamas |
| 264 | 1 | |c 2005 | |
| 300 | |a 22 | ||
| 336 | |a Text |b txt |2 rdacontent | ||
| 337 | |a ohne Hilfsmittel zu benutzen |b n |2 rdamedia | ||
| 338 | |a Band |b nc |2 rdacarrier | ||
| 773 | 0 | 8 | |i In |t Eugenio Coseriu in memoriam ; 2 |b 1. ed. |d Granada : Granada Lingvistica, 2005 |g (2005), Seite 101-122 |h 219 S. |w (DE-627)118880362X |w (DE-576)11880362X |z 8479332913 |7 nnam |a El texto según Eugenio Coseriu |
| 773 | 1 | 8 | |g year:2005 |g pages:101-122 |g extent:22 |a El texto según Eugenio Coseriu |
| 951 | |a AR | ||
| 992 | |a 20130806 | ||
| 993 | |a BookComponentPart | ||
| 994 | |a 2005 | ||
| 998 | |g 142673919 |a Loureda Lamas, Óscar |m 142673919:Loureda Lamas, Óscar |d 910000 |d 950000 |d 950950 |e 910000PL142673919 |e 950000PL142673919 |e 950950PL142673919 |k 0/910000/ |k 1/910000/950000/ |k 2/910000/950000/950950/ |p 1 |x j |y j | ||
| 999 | |a KXP-PPN1462017592 |e 2765068933 | ||
| BIB | |a Y | ||
| JSO | |a {"id":{"eki":["1462017592"]},"title":[{"title_sort":"texto según Eugenio Coseriu","title":"El texto según Eugenio Coseriu"}],"language":["spa"],"origin":[{"dateIssuedDisp":"2005","dateIssuedKey":"2005"}],"name":{"displayForm":["Óscar Loureda Lamas"]},"person":[{"display":"Loureda Lamas, Óscar","given":"Óscar","role":"aut","family":"Loureda Lamas"}],"recId":"1462017592","relHost":[{"type":{"bibl":"book"},"physDesc":[{"extent":"219 S."}],"relMultPart":[{"ga":1,"recId":"1188803433","type":{"bibl":"edited-book"},"note":["Bd. 1 ohne Verf.-Angabe, ersch. bei Univ. de Almería, Almería"],"id":{"eki":["1188803433"]},"part":{"number":["2"],"number_sort":["2"]},"person":[{"display":"Martinez del Castillo, Jesús Gerardo","given":"Jesús Gerardo","role":"edt","family":"Martinez del Castillo"}],"name":{"displayForm":["Jesús Gerardo Martinez del Castillo (ed.)"]},"origin":[{"publisher":"Granada Lingvistica","dateIssuedDisp":"19XX-","publisherPlace":"Granada"}],"title":[{"title_sort":"Eugenio Coseriu in memoriam","title":"Eugenio Coseriu in memoriam"}]}],"recId":"118880362X","title":[{}],"language":["spa"],"origin":[{"dateIssuedDisp":"2005","publisher":"Granada Lingvistica","publisherPlace":"Granada","edition":"1. ed.","dateIssuedKey":"2005","editionNo":"1"}],"id":{"isbn":["8479332913"],"eki":["118880362X"]},"disp":"El texto según Eugenio CoseriuEugenio Coseriu in memoriam ; 2","part":{"text":"(2005), Seite 101-122","year":"2005","pages":"101-122","extent":"22"}}],"physDesc":[{"extent":"22 S."}],"type":{"bibl":"chapter"}} | ||
| SRT | |a LOUREDALAMTEXTOSEGUN2005 | ||